<?xml version="1.0" encoding="UTF-8"?>
<record
    xmlns:xsi="http://www.w3.org/2001/XMLSchema-instance"
    xsi:schemaLocation="http://www.loc.gov/MARC21/slim http://www.loc.gov/standards/marcxml/schema/MARC21slim.xsd"
    xmlns="http://www.loc.gov/MARC21/slim">

  <leader>00478nam a22001697a 4500</leader>
  <controlfield tag="005">20240106131252.0</controlfield>
  <controlfield tag="008">190326b        xxu||||| |||| 00| 0 eng d</controlfield>
  <datafield tag="020" ind1=" " ind2=" ">
    <subfield code="a">978-81-85790-07-7</subfield>
  </datafield>
  <datafield tag="041" ind1=" " ind2=" ">
    <subfield code="a">eng</subfield>
  </datafield>
  <datafield tag="100" ind1=" " ind2=" ">
    <subfield code="a">KASTURE. Dr. V N , MAHADIK, Dr.K.R ,WADODKAR,Dr.WADODKAR AND MORE Dr, H.N</subfield>
    <subfield code="9">8250</subfield>
  </datafield>
  <datafield tag="245" ind1=" " ind2=" ">
    <subfield code="a">PHARMACEUTICAL ANALYSIS (vol-I)</subfield>
  </datafield>
  <datafield tag="250" ind1=" " ind2=" ">
    <subfield code="a">16 th,  2018</subfield>
  </datafield>
  <datafield tag="260" ind1=" " ind2=" ">
    <subfield code="a">PUNE</subfield>
    <subfield code="b">NIRALI PRAKASHAN</subfield>
  </datafield>
  <datafield tag="300" ind1=" " ind2=" ">
    <subfield code="a">I.2 p,</subfield>
  </datafield>
  <datafield tag="650" ind1=" " ind2=" ">
    <subfield code="a">PHARMACY</subfield>
    <subfield code="x">D.PHARMA</subfield>
  </datafield>
  <datafield tag="942" ind1=" " ind2=" ">
    <subfield code="c">BK</subfield>
  </datafield>
  <datafield tag="999" ind1=" " ind2=" ">
    <subfield code="c">5779</subfield>
    <subfield code="d">5777</subfield>
  </datafield>
  <datafield tag="952" ind1=" " ind2=" ">
    <subfield code="0">0</subfield>
    <subfield code="1">0</subfield>
    <subfield code="4">0</subfield>
    <subfield code="7">0</subfield>
    <subfield code="8">PHARMACY</subfield>
    <subfield code="a">JRU</subfield>
    <subfield code="b">JRU</subfield>
    <subfield code="c">Shelf - 21- F</subfield>
    <subfield code="d">2019-03-26</subfield>
    <subfield code="e">PURCHESS</subfield>
    <subfield code="g">240.00</subfield>
    <subfield code="l">11</subfield>
    <subfield code="m">4</subfield>
    <subfield code="p">22518</subfield>
    <subfield code="r">2025-12-15 06:49:55</subfield>
    <subfield code="s">2025-11-11</subfield>
    <subfield code="w">2019-03-26</subfield>
    <subfield code="y">BK</subfield>
  </datafield>
  <datafield tag="952" ind1=" " ind2=" ">
    <subfield code="0">0</subfield>
    <subfield code="1">0</subfield>
    <subfield code="4">0</subfield>
    <subfield code="7">0</subfield>
    <subfield code="8">PHARMACY</subfield>
    <subfield code="a">JRU</subfield>
    <subfield code="b">JRU</subfield>
    <subfield code="c">Shelf - 21- F</subfield>
    <subfield code="d">2019-03-26</subfield>
    <subfield code="e">PURCHESS</subfield>
    <subfield code="g">240.00</subfield>
    <subfield code="l">8</subfield>
    <subfield code="m">4</subfield>
    <subfield code="o">615.9</subfield>
    <subfield code="p">22519</subfield>
    <subfield code="q">2024-12-12</subfield>
    <subfield code="r">2024-11-12 16:21:52</subfield>
    <subfield code="s">2024-11-12</subfield>
    <subfield code="w">2019-03-26</subfield>
    <subfield code="y">BK</subfield>
  </datafield>
  <datafield tag="952" ind1=" " ind2=" ">
    <subfield code="0">0</subfield>
    <subfield code="1">0</subfield>
    <subfield code="4">0</subfield>
    <subfield code="7">0</subfield>
    <subfield code="8">PHARMACY</subfield>
    <subfield code="a">JRU</subfield>
    <subfield code="b">JRU</subfield>
    <subfield code="c">SHELF-4-D</subfield>
    <subfield code="d">2019-03-26</subfield>
    <subfield code="e">PURCHESS</subfield>
    <subfield code="g">240.00</subfield>
    <subfield code="l">5</subfield>
    <subfield code="p">22520</subfield>
    <subfield code="r">2024-12-04 11:58:29</subfield>
    <subfield code="s">2024-11-19</subfield>
    <subfield code="w">2019-03-26</subfield>
    <subfield code="y">BK</subfield>
  </datafield>
  <datafield tag="952" ind1=" " ind2=" ">
    <subfield code="0">0</subfield>
    <subfield code="1">0</subfield>
    <subfield code="4">0</subfield>
    <subfield code="7">0</subfield>
    <subfield code="8">REF</subfield>
    <subfield code="a">JRU</subfield>
    <subfield code="b">MAIN</subfield>
    <subfield code="c">SHELF-72-B</subfield>
    <subfield code="d">2021-02-19</subfield>
    <subfield code="e">PURCHES / LBI - 1710 / 11-2-21</subfield>
    <subfield code="g">260.00</subfield>
    <subfield code="l">4</subfield>
    <subfield code="m">2</subfield>
    <subfield code="o">615.9</subfield>
    <subfield code="p">25535</subfield>
    <subfield code="r">2022-12-21 00:00:00</subfield>
    <subfield code="s">2022-12-20</subfield>
    <subfield code="w">2021-02-19</subfield>
    <subfield code="y">BK</subfield>
  </datafield>
  <datafield tag="952" ind1=" " ind2=" ">
    <subfield code="0">0</subfield>
    <subfield code="1">0</subfield>
    <subfield code="4">0</subfield>
    <subfield code="7">0</subfield>
    <subfield code="8">PHARMACY</subfield>
    <subfield code="a">JRU</subfield>
    <subfield code="b">JRU</subfield>
    <subfield code="c">Shelf - 21- F</subfield>
    <subfield code="d">2021-02-19</subfield>
    <subfield code="e">PURCHES / LBI - 1710 / 11-2-21</subfield>
    <subfield code="g">260.00</subfield>
    <subfield code="l">12</subfield>
    <subfield code="m">2</subfield>
    <subfield code="o">615.9</subfield>
    <subfield code="p">25536</subfield>
    <subfield code="r">2025-09-17 13:25:45</subfield>
    <subfield code="s">2025-08-29</subfield>
    <subfield code="w">2021-02-19</subfield>
    <subfield code="y">BK</subfield>
  </datafield>
  <datafield tag="952" ind1=" " ind2=" ">
    <subfield code="0">0</subfield>
    <subfield code="1">0</subfield>
    <subfield code="4">0</subfield>
    <subfield code="7">0</subfield>
    <subfield code="8">PHARMACY</subfield>
    <subfield code="a">JRU</subfield>
    <subfield code="b">JRU</subfield>
    <subfield code="c">SHELF-17-G</subfield>
    <subfield code="d">2021-02-19</subfield>
    <subfield code="e">PURCHES / LBI - 1710 / 11-2-21</subfield>
    <subfield code="g">260.00</subfield>
    <subfield code="l">4</subfield>
    <subfield code="m">3</subfield>
    <subfield code="o">615.9</subfield>
    <subfield code="p">25537</subfield>
    <subfield code="r">2022-12-21 00:00:00</subfield>
    <subfield code="s">2022-09-27</subfield>
    <subfield code="w">2021-02-19</subfield>
    <subfield code="y">BK</subfield>
  </datafield>
  <datafield tag="952" ind1=" " ind2=" ">
    <subfield code="0">0</subfield>
    <subfield code="1">0</subfield>
    <subfield code="4">0</subfield>
    <subfield code="7">0</subfield>
    <subfield code="8">PHARMACY</subfield>
    <subfield code="a">JRU</subfield>
    <subfield code="b">JRU</subfield>
    <subfield code="c">Shelf - 21- F</subfield>
    <subfield code="d">2021-02-19</subfield>
    <subfield code="e">PURCHES / LBI - 1710 / 11-2-21</subfield>
    <subfield code="g">260.00</subfield>
    <subfield code="l">16</subfield>
    <subfield code="m">1</subfield>
    <subfield code="o">615.9</subfield>
    <subfield code="p">25538</subfield>
    <subfield code="r">2025-11-21 11:55:44</subfield>
    <subfield code="s">2025-11-07</subfield>
    <subfield code="w">2021-02-19</subfield>
    <subfield code="y">BK</subfield>
  </datafield>
  <datafield tag="952" ind1=" " ind2=" ">
    <subfield code="0">0</subfield>
    <subfield code="1">0</subfield>
    <subfield code="4">0</subfield>
    <subfield code="7">0</subfield>
    <subfield code="8">PHARMACY</subfield>
    <subfield code="a">JRU</subfield>
    <subfield code="b">JRU</subfield>
    <subfield code="c">Shelf - 21- F</subfield>
    <subfield code="d">2021-02-19</subfield>
    <subfield code="e">PURCHES / LBI - 1710 / 11-2-21</subfield>
    <subfield code="g">260.00</subfield>
    <subfield code="l">9</subfield>
    <subfield code="m">2</subfield>
    <subfield code="o">615.9</subfield>
    <subfield code="p">25539</subfield>
    <subfield code="r">2025-11-17 16:27:19</subfield>
    <subfield code="s">2025-11-04</subfield>
    <subfield code="w">2021-02-19</subfield>
    <subfield code="y">BK</subfield>
  </datafield>
  <datafield tag="952" ind1=" " ind2=" ">
    <subfield code="0">0</subfield>
    <subfield code="1">0</subfield>
    <subfield code="4">0</subfield>
    <subfield code="7">0</subfield>
    <subfield code="8">PHARMACY</subfield>
    <subfield code="a">JRU</subfield>
    <subfield code="b">JRU</subfield>
    <subfield code="c">Shelf - 21- F</subfield>
    <subfield code="d">2021-02-19</subfield>
    <subfield code="e">PURCHES / LBI - 1710 / 11-2-21</subfield>
    <subfield code="g">260.00</subfield>
    <subfield code="l">6</subfield>
    <subfield code="o">615.9</subfield>
    <subfield code="p">25540</subfield>
    <subfield code="r">2026-01-06 05:38:25</subfield>
    <subfield code="s">2025-07-22</subfield>
    <subfield code="w">2021-02-19</subfield>
    <subfield code="y">BK</subfield>
  </datafield>
  <datafield tag="952" ind1=" " ind2=" ">
    <subfield code="0">0</subfield>
    <subfield code="1">0</subfield>
    <subfield code="4">0</subfield>
    <subfield code="7">0</subfield>
    <subfield code="8">PHARMACY</subfield>
    <subfield code="a">JRU</subfield>
    <subfield code="b">JRU</subfield>
    <subfield code="c">Shelf - 21- F</subfield>
    <subfield code="d">2021-02-19</subfield>
    <subfield code="e">PURCHES / LBI - 1710 / 11-2-21</subfield>
    <subfield code="g">260.00</subfield>
    <subfield code="l">6</subfield>
    <subfield code="m">1</subfield>
    <subfield code="o">615.9</subfield>
    <subfield code="p">25541</subfield>
    <subfield code="r">2023-11-10 14:27:08</subfield>
    <subfield code="s">2023-10-19</subfield>
    <subfield code="w">2021-02-19</subfield>
    <subfield code="y">BK</subfield>
  </datafield>
  <datafield tag="952" ind1=" " ind2=" ">
    <subfield code="0">0</subfield>
    <subfield code="1">0</subfield>
    <subfield code="4">0</subfield>
    <subfield code="7">0</subfield>
    <subfield code="8">PHARMACY</subfield>
    <subfield code="a">JRU</subfield>
    <subfield code="b">JRU</subfield>
    <subfield code="c">Shelf - 21- F</subfield>
    <subfield code="d">2021-02-19</subfield>
    <subfield code="e">PURCHES / LBI - 1710 / 11-2-21</subfield>
    <subfield code="g">260.00</subfield>
    <subfield code="l">8</subfield>
    <subfield code="o">615.9</subfield>
    <subfield code="p">25542</subfield>
    <subfield code="r">2025-11-22 05:53:14</subfield>
    <subfield code="s">2025-11-07</subfield>
    <subfield code="w">2021-02-19</subfield>
    <subfield code="y">BK</subfield>
  </datafield>
</record>
